Principles of plant nutrition. (Record no. 164590)

MARC details
000 -LEADER
fixed length control field 00522nam a2200205Ia 4500
003 - CONTROL NUMBER IDENTIFIER
control field OSt
005 - DATE AND TIME OF LATEST TRANSACTION
control field 20230511101702.0
008 - FIXED-LENGTH DATA ELEMENTS--GENERAL INFORMATION
fixed length control field 210423s2006 xx 000 0 und d
020 ## - INTERNATIONAL STANDARD BOOK NUMBER
International Standard Book Number 8181284046
040 ## - CATALOGING SOURCE
Transcribing agency AL
082 ## - DEWEY DECIMAL CLASSIFICATION NUMBER
Classification number 664.07 MENK
Edition number 23
100 ## - MAIN ENTRY--PERSONAL NAME
Personal name MENGEL (Konrad);others.
9 (RLIN) 102311
245 ## - TITLE STATEMENT
Title Principles of plant nutrition.
250 ## - EDITION STATEMENT
Edition statement 5
260 ## - PUBLICATION, DISTRIBUTION, ETC.
Place of publication, distribution, etc. New Delhi
Name of publisher, distributor, etc. Springer Pvt Ltd
Date of publication, distribution, etc. 2006
300 ## - PHYSICAL DESCRIPTION
Extent xiii,849
Other physical details PB
365 ## - TRADE PRICE
Price amount 995
Currency code INR
906 ## - LOCAL DATA ELEMENT F, LDF (RLIN)
a nutrition. ; plant ; Principles
942 ## - ADDED ENTRY ELEMENTS (KOHA)
Source of classification or shelving scheme Dewey Decimal Classification
Koha item type Book
Holdings
Withdrawn status Lost status Damaged status Not for loan Collection code Home library Current library Date acquired Source of acquisition Cost, normal purchase price Total Checkouts Full call number Barcode Date last seen Price effective from Koha item type
        Bio Technology St Aloysius PG Library St Aloysius PG Library 10/21/2011 Southern Book Sellers 995.00   664.07 MENK PG011088 08/24/2022 04/26/2021 Book